AIDS education for the youth / (Record no. 1083)

000 -LEADER
fixed length control field 00839cam a2200277 a 4500
001 - CONTROL NUMBER
control field 13569325
003 - CONTROL NUMBER IDENTIFIER
control field OSt
005 - DATE AND TIME OF LATEST TRANSACTION
control field 20140116120845.0
008 - FIXED-LENGTH DATA ELEMENTS--GENERAL INFORMATION
fixed length control field 031009s2000 ke a 000 0 eng
010 ## - LIBRARY OF CONGRESS CONTROL NUMBER
LC control number 2003407014
020 ## - INTERNATIONAL STANDARD BOOK NUMBER
International Standard Book Number 9966882553
040 ## - CATALOGING SOURCE
Original cataloging agency DLC
Transcribing agency DLC
Modifying agency DLC
042 ## - AUTHENTICATION CODE
Authentication code lcode
050 00 - LIBRARY OF CONGRESS CALL NUMBER
Classification number RC606.6 .B33 2000
082 00 - DEWEY DECIMAL CLASSIFICATION NUMBER
Classification number 362.196/9792/00967625
Edition number 22
100 1# - MAIN ENTRY--PERSONAL NAME
Personal name Babendreier, Joe.
245 10 - TITLE STATEMENT
Title AIDS education for the youth /
Statement of responsibility, etc Joe Babendreier.
260 ## - PUBLICATION, DISTRIBUTION, ETC. (IMPRINT)
Place of publication, distribution, etc Nairobi :
Name of publisher, distributor, etc Focus Publications Ltd,
Date of publication, distribution, etc 2000.
300 ## - PHYSICAL DESCRIPTION
Extent 75 p. :
Other physical details ill. ;
Dimensions 18 x 25 cm.
490 1# - SERIES STATEMENT
Series statement Focus books
650 #0 - SUBJECT ADDED ENTRY--TOPICAL TERM
Topical term or geographic name as entry element AIDS (Disease)
General subdivision Patients
-- Counseling of.
650 #0 - SUBJECT ADDED ENTRY--TOPICAL TERM
Topical term or geographic name as entry element AIDS (Disease) in adolescence
General subdivision Prevention.
830 #0 - SERIES ADDED ENTRY--UNIFORM TITLE
Uniform title Focus books (Nairobi, Kenya)
942 ## - ADDED ENTRY ELEMENTS (KOHA)
Source of classification or shelving scheme
Koha item type Book
Holdings
Withdrawn status Lost status Source of classification or shelving scheme Damaged status Not for loan Home library Current library Date acquired Total Checkouts Total Renewals Full call number Barcode Date last seen Date checked out Copy number Price effective from Koha item type
          Riara University Library Riara University Library 03/01/2013 5 1 RC606.63.B33 2000 3734/12 06/10/2016 14/09/2016 C.1 03/01/2013 Book
          Riara University Library Riara University Library 03/01/2013 3   RC606.63.B33 2000 3735/12 01/12/2014 16/11/2014 C.2 03/01/2013 Book
          Riara University Library Riara University Library 03/01/2013 2   RC606.63.B33 2000 3736/12 07/09/2016 07/09/2016 C.3 03/01/2013 Book

Riara University Library,
P.O. Box 49940-00100,
Nairobi, Kenya.